Statystyki dla Fizyka - zadania rachunkowe

Kliknij tutaj aby rozwiązać quiz!

Ogólne statystyki

  • Ten quiz został rozwiązany 30 razy
  • Średni wynik to 4 z 15

Statystyki odpowiedzi

LpTreść zdaniaOdpowiedźTrudność zadania% Poprawnych
Zadanie 1Franek waży 70 kg. Ciężar Franka z plecakiem wynosi 820 N. Oblicz masę plecaka.12 kgBardzo łatwe
92%
Zadanie 2
Na pewnej planecie Układu Słonecznego zrzucono przedmiot z pewnej wysokości. Siła przyciągania grawitacyjnego wynosiła 1,85 N, a masa przedmiotu na Ziemi była równa 500g. Oblicz, na jakiej planecie zrzucono przedmiot, korzystając z zamieszczonych poniżej informacji.

Merkury - 3,70 m/s²
Wenus - 8,90 m/s²
Ziemia - 9,81 m/s²
Mars - 9,70 m/s²
MerkuryŁatwe
71%
Zadanie 8Niektóre zegarki wodoodporne wytrzymują ciśnienie 2,06 MPa. Oblicz głębokość, na jaką może zejść nurek z takim zegarkiem na ręku, aby zegarek nie uległ zniszczeniu. Przyjmij, że gęstość wody morskiej wynosi 1030 kg/m³.200 mŚrednie
33%
Zadania 3Korzystając z wykresu oblicz masę ciała.

Wykres: https://justpaste.it/bfvdn
0,75 kgŁatwe
29%
Zadanie 4Ciało A porusza się z przyspieszeniem 4 m/s², a ciało B porusza się z przyspieszeniem 0,4 m/s². Oblicz prędkość względną ciała A względem ciała B w 10s ruchu. Wynik podaj w km/h.10 km/hŚrednie
29%
Zadanie 15Dwóch przyjaciół mieszka na przeciwległych brzegach rzeki. Most ma długość 30 m. Przyjaciele weszli na most równocześnie z obu stron. Jeden szedł z prędkością 5km/h. Drugi biegł z prędkością 10km/h. W jakiej odległości od strony idącego spotkają się przyjaciele?10 mTrudne
25%
Zadanie 5Do szklanki nalano pewną ilość wody o gęstości 1 g/cm³. Masa szklanki wynosi 50 g, natomiast szklanki z wodą 250 g. Oblicz objętość tej szklanki. Wynik podaj w mililitrach.200 mlŚrednie
25%
Zadanie 9Oblicz długość kawałka drutu oporowego podłączonego do źródła napięcia 20V, wykonanego z materiału o oporze właściwym 1,5Ω*mm²/m, jeśli jego pole przekroju poprzecznego wynosi 1,2 mm. Natężenie prądu płynącego wówczas w obwodzie wynosiło 40A.0,4 mŚrednie
13%
Zadanie 13Oblicz ładunek, jaki siły elektryczne przeniosły między końcami przewodnika, jeżeli napięcie między jego końcami wynosi 12V, a praca wykonana przez te siły jest równa 48J.4 CTrudne
13%
Zadanie 10Oblicz ogniskową soczewki o zdolności skupiającej 10 D. Wynik podaj w milimetrach.100 mmŚrednie
8%
Zadanie 12Rzucono piłkę tenisową pionowo w górę z prędkością 5m/s. Na jaką maksymalną wysokość może wznieść się piłka?1,3 mTrudne
8%
Zadanie 14Wahadło zbudowane z nierozciągliwej i nieważkiej linki o długości 2,5 m oraz niewielkiej metalowej kulki odchylono od pionu tak, że kulka znalazła się na wysokości 5 cm względem swojego położenia równowagi. Oblicz okres drgań tego wahadła.3,1 sTrudne
8%
Zadanie 6Koń, ciągnąc wóz z siłą 500 N pokonał drogę 5 km w czasie 2 h. Oblicz moc z jaką koń ciągnął wóz.347,2 WŚrednie
8%
Zadanie 11Z gałęzi drzewa (h = 2,5m) spadło jabłko. Oblicz prędkość tego jabłka w ostatniej chwili przed uderzeniem w ziemię. Pomiń opory ruchów.7 m/sŚrednie
8%
Zadanie 7Mniejszy tłok podnośnika samochodowego, działającego na zasadzie prasy hydraulicznej ma powierzchnię 0,2 m², a większy – 6m². Na większym tłoku znajduje się samochód o masie 1t. Oblicz, jaką siłą trzeba działać na mniejszy tłok, aby zrównoważyć ciężar samochodu.30000 NŚrednie
4%

Rozkład punktacji

Percentyl według liczby udzielonych odpowiedzi

Procent ludzi z każdym wynikiem

Twoja historia wyników

Nie rozwiązałeś tego quizu